000 00644nam a22002297a 4500
003 BUBTL
008 231116b ||||| |||| 00| 0 eng d
020 _a8185986177
041 _aeng
082 _a800/ N1646m/ 2006
100 _94991
_aNarayan, R. K.
245 _aMalgudi Days/
_cR. K. Narayan
250 _aIst ed.
260 _aChennai :
_bIndian Thought Publications,
_cc2006
300 _a241p. :
_c12 cm.
505 _aMalgudi Days, R. K. Narayan. English Literature
526 _aEnglish Literature
650 0 _91994
_aEnglish Literature
856 _k0
_l0
_yDownload
942 _2ddc
_cBK
999 _c7141
_d7141